000 00771nam a2200265Ia 4500
001 Para_3592
003 CHAP
008 220125s1942 xx 000 0 und d
010 _a201781
040 _cCHAP
090 _aPA FOLLETO 1191
100 _aJewett, H. H
_961420
245 _aLife history of the wireworm Aeolus mellilus (Say) /
_c H. H. Jewett
260 _aLexington, Kentucky :
_b Agricultural Experiment Station
300 _a11 p.
440 _aKentucky. Agri. Exp. Sta., Bull.; 425
_9166697
650 _aTabaco
_x Enfermedades Elateridae
_9166698
901 _aPA FOLLETO 1191
902 _aA
905 _a0000001942 LEX 0000000000 00
910 _a1942
942 _cPARA
942 _cPARA
_d1
999 _c201781
_d201781